Three who made a revolution: a biographical history

Salvato in:
Dettagli Bibliografici
Autore principale: Wolfe, Bertram David (Autore)
Natura: Libro
Lingua:inglese
Pubblicazione: Londres Penguin Books 1956
Soggetti:
Tags: Aggiungi Tag
Nessun Tag, puoi essere il primo ad aggiungerne!!

MARC

LEADER 00000nam a2200000 a 4500
001 UCW8364
003 CL-VaPUC
008 880811e19560000UK |||||||||||||||||eng|d
082 0 4 |a 947.084  |b WOL  |2 21 
100 0 |a Wolfe, Bertram David  |e author  |9 313519 
245 1 0 |a Three who made a revolution: a biographical history 
300 |a 733 p 
942 |c BK 
945 |d 19880811 00:00:00 
260 |a Londres  |b Penguin Books  |c 1956 
650 7 |a HISTORIA REVOLUCION 1917-1921  |2 CL-VaPUC  |9 313520 
651 0 |a Unión Soviética  |9 256769 
583 |a last modification  |c 20120606 11:15:23  |k Rodrigo Vera 
999 |c 220756  |d 220754 
952 |0 0  |1 0  |4 0  |6 947_084000000000000_WOL_1956  |7 0  |8 A  |9 213336  |a BIBHIS  |b BIBHIS  |d 2019-11-15  |i 2817101  |o 947.084 WOL 1956  |p 2817101  |r 2025-01-20  |w 2019-11-15  |y BK  |k HIS